Aerolíneas de América por logo - Estadísticas

Estadísticas generales
  • Esta prueba ha sido intentada 50 veces
    46 desde el último reinicio
  • La puntuación promedio es 12 de 20
Estadísticas de respuestas
Imagen Respuesta % Correcto
American Airlines
100%
Delta Airlines
90%
United Airlines
90%
Aeromexico
85%
Air Canada
85%
LATAM
85%
Hawaiian Airlines
73%
Avianca
68%
Azul Linhas Aéreas
68%
Boliviana de Aviación
54%
GOL
54%
Volaris
54%
Copa Airlines
51%
Aerolíneas Argentinas
49%
Arajet
46%
Southwest
41%
Conviasa
32%
Cubana de Aviación
27%
Air Transat
15%
Mexicana
7%
No se encontraron pruebas coincidentes
Distribución de puntuación
Porcentaje de gente con cada puntuación
Porcentaje por número respondido
Historial de tus puntuaciones
No has intentado esta prueba desde el último reinicio